Fort of Daulatabad / (Record no. 11184)

000 -LEADER
fixed length control field 01270cam a2200349 a 4500
001 - CONTROL NUMBER
control field 13975672
005 - DATE AND TIME OF LATEST TRANSACTION
control field 20230104164054.0
008 - FIXED-LENGTH DATA ELEMENTS--GENERAL INFORMATION
fixed length control field 050430s2004 ii af b 001 0 eng
035 ## - SYSTEM CONTROL NUMBER
System control number (DLC) 2005317670
010 ## - LIBRARY OF CONGRESS CONTROL NUMBER
LC control number 2005317670
020 ## - INTERNATIONAL STANDARD BOOK NUMBER
International Standard Book Number 818090072X
025 ## - OVERSEAS ACQUISITION NUMBER
Overseas acquisition number I-E-2005-317670; 67-26
037 ## - SOURCE OF ACQUISITION
Source of stock number/acquisition Library of Congress -- New Delhi Overseas Office
Terms of availability Rs1500.00
040 ## - CATALOGING SOURCE
Original cataloging agency DLC
Transcribing agency DLC
042 ## - AUTHENTICATION CODE
Authentication code lcode
043 ## - GEOGRAPHIC AREA CODE
Geographic area code a-ii---
050 00 - LIBRARY OF CONGRESS CALL NUMBER
Classification number NA497.I4
Item number Q74 2004
100 1# - MAIN ENTRY--PERSONAL NAME
Personal name Qureshi, Dulari.
245 10 - TITLE STATEMENT
Title Fort of Daulatabad /
Statement of responsibility, etc. Dulari Qureshi.
260 ## - PUBLICATION, DISTRIBUTION, ETC.
Place of publication, distribution, etc. Delhi :
Name of publisher, distributor, etc. Bharatiya Kala Prakashan,
Date of publication, distribution, etc. 2004.
300 ## - PHYSICAL DESCRIPTION
Extent xiv, 114 p., [32] p. of plates :
Other physical details ill. (some col.) ;
Dimensions 28 cm.
520 ## - SUMMARY, ETC.
Summary, etc. On the architecture of the fort.
504 ## - BIBLIOGRAPHY, ETC. NOTE
Bibliography, etc. note Includes bibliographical references (p. [105]-109) and index.
650 #0 - SUBJECT ADDED ENTRY--TOPICAL TERM
Topical term or geographic name entry element Military architecture
Geographic subdivision India
-- Daulatabad.
650 #0 - SUBJECT ADDED ENTRY--TOPICAL TERM
Topical term or geographic name entry element Fortification
Geographic subdivision India
-- Daulatabad.
650 #0 - SUBJECT ADDED ENTRY--TOPICAL TERM
Topical term or geographic name entry element Historic buildings
General subdivision Conservation and restoration
Geographic subdivision India
-- Daulatabad.
906 ## - LOCAL DATA ELEMENT F, LDF (RLIN)
a 7
b cbc
c origode
d 3
e ncip
f 20
g y-gencatlg
925 0# -
-- acquire
-- 1 shelf copy
-- policy default
955 ## - COPY-LEVEL INFORMATION (RLIN)
-- ys15 2005-12-06
-- ys12 2006-01-10 to BCCD
985 ## -
-- ODE-nd
991 ## -
-- c-GenColl
-- am
-- 00136801387
Holdings
Withdrawn status Lost status Source of classification or shelving scheme Damaged status Not for loan Permanent Location Current Location Date acquired Source of acquisition Cost, normal purchase price Barcode Date last seen Cost, replacement price Price effective from Koha item type
          BMS College of Architecture, Design and Planning BMS College of Architecture, Design and Planning 2023-03-07 10 1050.00 AR-UG2854 2023-03-07 1500.00 2023-03-07 UG Books
Copyright © 2025, The Librarian, Library and Information Centre, BMSCA D&P, Bengaluru. All Rights Reserved
web counter

Powered by Koha